<?xml version="1.0" encoding="UTF-8"?>
<collection xmlns:xsi="http://www.w3.org/2001/XMLSchema-instance" xsi:schemaLocation="http://www.loc.gov/MARC21/slim http://www.loc.gov/standards/marcxml/schema/MARC21slim.xsd" xmlns="http://www.loc.gov/MARC21/slim">
 <record>
  <leader>00000ctmaa22000004a 4500</leader>
  <controlfield tag="001">UP-99796217610456432</controlfield>
  <controlfield tag="003">Buklod</controlfield>
  <controlfield tag="005">20120824090712.0</controlfield>
  <controlfield tag="006">m    |o  d |      </controlfield>
  <controlfield tag="007">ta</controlfield>
  <controlfield tag="008">120824s2007    xx     d     r    |||| u|</controlfield>
  <datafield tag="035" ind1=" " ind2=" ">
   <subfield code="a">(iLib)UPD-00191503725</subfield>
  </datafield>
  <datafield tag="040" ind1=" " ind2=" ">
   <subfield code="a">DML</subfield>
  </datafield>
  <datafield tag="041" ind1="0" ind2=" ">
   <subfield code="a">eng</subfield>
  </datafield>
  <datafield tag="042" ind1=" " ind2=" ">
   <subfield code="a">DMLUC</subfield>
  </datafield>
  <datafield tag="090" ind1=" " ind2=" ">
   <subfield code="a">LG 996 2007 E7</subfield>
   <subfield code="b">M37</subfield>
  </datafield>
  <datafield tag="100" ind1="1" ind2=" ">
   <subfield code="a">Mascuñana, Evelyn F.</subfield>
  </datafield>
  <datafield tag="245" ind1="1" ind2="0">
   <subfield code="a">Politeness and Cebuano directives</subfield>
   <subfield code="b">a linguistic and socio-cultural study</subfield>
   <subfield code="c">by Evelyn Fuentes Mascuñana.</subfield>
  </datafield>
  <datafield tag="264" ind1=" " ind2="1">
   <subfield code="c">2007.</subfield>
  </datafield>
  <datafield tag="300" ind1=" " ind2=" ">
   <subfield code="a">xv, 304 leaves</subfield>
  </datafield>
  <datafield tag="500" ind1=" " ind2=" ">
   <subfield code="a">&quot;May 2007&quot;.</subfield>
  </datafield>
  <datafield tag="502" ind1=" " ind2=" ">
   <subfield code="a">Dissertation (Ph.D. English Studies : Language)--University of the Philippines, Diliman.</subfield>
  </datafield>
  <datafield tag="505" ind1="0" ind2=" ">
   <subfield code="a">Chapter 1. Introduction -- Chapter 2. Theoretical framework -- Chapter 3. The relativity of politeness phenomena : a review of literature -- Chapter 4. Politeness strategies in Cebuano directives -- Chapter 5. Reinterpreting B&amp;L in the context of politeness cultural norms and values of Cebuanos -- Chapter 6. Summary, conclusion, and recommendations -- Appendixes.</subfield>
  </datafield>
  <datafield tag="520" ind1="3" ind2=" ">
   <subfield code="a">This study addresses the issue of universality of pragmatic theory specifically Brown and Levinson's politeness theory with &quot;face&quot; (derived from Goffman (1967)) as its central underlying concept; hence, their Face-saving view of linguistic politeness theory. Brown and Levinson claim that their theory has universal applicability, i.e. their theory applies cross-culturally. However, current sociolinguistic research (cf. Kasper (1990, 1997)), ethnographic studies (e.g. Keenan and Ochs (1976), (1979), Rosaldo (1982), and Hymes (1986)) show that linguistic politeness vary cross-culturally. Also, studies in social psychology (e.g. Triandis (1995), Markus and Kitayama (1991)) reveal that construal of the self or personhood underlying the concept of face is emically constructed. Wierzbicka (1985) notes an &quot;Anglo-Saxon bias&quot; in Brown and Levinson's theory (146). This study applied the Brown and Levinson theory on Cebuano, an important Philippine lingua franca, with selected short stories from a popular magazine as corpus and the speech acts of directives as units of analysis. The study discovered some convergence but also deviations from the Brown and Levinson model. It discovered a link between socio-cultural phenomena and linguistic practices, i.e. a link between the Cebuano bilateral kinship and the linguistic enactment of politeness in directives. The deviations appear to stem primarily from the meaning Brown and Levinson attached to &quot;face.&quot; To Goffman, the public element is intrinsic in the construal of &quot;face&quot;; to Brown and Levinson, the individual appears to be of crucial importance (Fraser 1990:239). Consequently, there seems to be some differences in the assignment of meanings to contextual variables that influence the choice of politeness strategies -- by Brown and Levinson from an individualist western perspective and by the Cebuano from a collectivist Asian perspective (cf. Triandis (1995)). Moreover, the construal of the self (Markus and Kitayama (1991)) with which the concept of &quot;face' is closely related is emically constructed; thus, universal conceptualizations of face presupposing identical notions of self across cultures would not be valid (Kasper 3208). This study hypothesizes that certain Cebuano cultural norms and values foster its construal of the self that underpin the linguistic enactment of politeness in directives. This study proposes that any theory of linguistic politeness to have cross-cultural applicability must take into consideration the public and the individual aspects of &quot;face&quot; and the socio-cultural norms and values that underlie the politeness codes of the culture being studied.</subfield>
  </datafield>
  <datafield tag="650" ind1=" " ind2="4">
   <subfield code="a">Cebuano language</subfield>
   <subfield code="x">Social aspects.</subfield>
  </datafield>
  <datafield tag="650" ind1=" " ind2="0">
   <subfield code="a">Politeness (Linguistics)</subfield>
   <subfield code="z">Philippines.</subfield>
  </datafield>
  <datafield tag="695" ind1=" " ind2="4">
   <subfield code="a">Cebuano language</subfield>
   <subfield code="x">Honorific.</subfield>
  </datafield>
  <datafield tag="905" ind1=" " ind2=" ">
   <subfield code="a">FI</subfield>
  </datafield>
  <datafield tag="905" ind1=" " ind2=" ">
   <subfield code="a">UP</subfield>
  </datafield>
  <datafield tag="950" ind1=" " ind2=" ">
   <subfield code="a">Thesis</subfield>
  </datafield>
  <datafield tag="852" ind1="0" ind2=" ">
   <subfield code="a">UPD</subfield>
   <subfield code="b">DARCHIVES</subfield>
   <subfield code="h">LG 996 2007 E7 M37</subfield>
  </datafield>
  <datafield tag="942" ind1=" " ind2=" ">
   <subfield code="a">Thesis</subfield>
  </datafield>
 </record>
</collection>
